000 00273nam a22001217a 4500
008 170223b xxu||||| |||| 00| 0 eng d
041 _aeng
080 _a616 31
100 _a5
101 _aSHS
245 _aTHE DENTAL CLINICS NORTH AMERICA
_cGLICKMAN.I
942 _2udc
_cBK
999 _c6169
_d6169